Wszystkie państwa współczesne kontrolowane przez Słowian - Statystyki

Ogólne statystyki
  • Ten quiz został rozwiązany 4 324 razy
  • Średni wynik to 48 z 55
Odpowiedzi na mapie
Odpowiedzi zakodowano w zielono-czerwonej skali na mapie do tego quizu, zgodnie z poniższymi procentami.
 
Statystyki odpowiedzi
Państwo % Poprawnych
Rosja
99%
Polska
98%
Białoruś
97%
Finlandia
97%
Niemcy
97%
Ukraina
97%
Czechy
96%
Estonia
96%
Litwa
96%
Łotwa
96%
Słowacja
96%
Chiny
95%
Francja
95%
Grecja
95%
Hiszpania
95%
Kazachstan
95%
Mongolia
95%
Rumunia
95%
Stany Zjednoczone
95%
Węgry
95%
Austria
94%
Bułgaria
94%
Chorwacja
94%
Mołdawia
94%
Słowenia
94%
Szwecja
94%
Albania
93%
Bośnia i Hercegowina
93%
Serbia
93%
Kosowo
92%
Turcja
92%
Włochy
92%
Czarnogóra
91%
Macedonia Północna
91%
Gruzja
90%
Korea Północna
90%
Norwegia
90%
Iran
89%
Armenia
88%
Indie
88%
Azerbejdżan
87%
Uzbekistan
87%
Tadżykistan
86%
Turkmenistan
86%
Kirgistan
84%
Afganistan
83%
Liban
74%
Gambia
68%
Dżibuti
65%
Dania
62%
Trynidad i Tobago
61%
Korea Południowa
54%
Senegal
45%
Kamerun
44%
Madagaskar
42%
Nie znaleziono quizów pasujących do podanych kryteriów
Rozkład punktacji
Procent ludzi z każdym wynikiem
Percentyl według liczby udzielonych odpowiedzi
Twoja historia wyników
Nie rozwiązałeś tego quizu